US State Flag-Shape Quiz - Statistics

General Stats
  • This quiz has been taken 60 times
  • The average score is 39 of 50
Answer Stats
Picture Answer % Correct
New York
96%
Alaska
91%
Washington
91%
California
87%
Florida
87%
Idaho
87%
Oklahoma
87%
Texas
87%
Arizona
85%
Colorado
85%
Hawaii
85%
Michigan
85%
Nevada
85%
Tennessee
85%
Wisconsin
85%
Maryland
83%
New Mexico
83%
South Dakota
83%
Delaware
81%
Iowa
81%
Kansas
81%
Kentucky
81%
Minnesota
81%
North Carolina
81%
Alabama
79%
Arkansas
79%
Mississippi
79%
New Hampshire
79%
Oregon
79%
Wyoming
79%
Indiana
77%
Montana
77%
New Jersey
77%
Utah
77%
Vermont
77%
Connecticut
74%
Georgia
74%
Ohio
74%
Pennsylvania
74%
Virginia
74%
South Carolina
72%
West Virginia
72%
Missouri
70%
Nebraska
70%
North Dakota
70%
Rhode Island
70%
Maine
68%
Illinois
64%
Louisiana
60%
Massachusetts
53%
No matching quizzes found
Score Distribution
Percent of People with Each Score
Percentile by Number Answered
Your Score History
You have not taken this quiz